[Event "Rheinland Pfalz op 2nd"]
[Site "Schweich"]
[Date "2010.07.18"]
[Round "7"]
[White "Korman, Maxim"]
[Black "Berend, Fred"]
[Result "0-1"]
[WhiteElo "2177"]
[BlackElo "2381"]
[PlyCount "101"]
[EventDate "2010.07.16"]
[EventType "swiss"]
[EventRounds "7"]
[EventCountry "GER"]
[SourceTitle "EXT 2012"]
[Source "ChessBase"]
[SourceDate "2011.11.24"]
[SourceVersion "1"]
[SourceVersionDate "2011.11.24"]
[SourceQuality "1"]

1. e4 c5 2. Nc3 Nc6 3. g3 g6 4. Bg2 Bg7 5. d3 d6 6. Be3 Rb8 7. Qd2 b5 8. a3 a5 9. f4 b4 10. Nd1 Nd4 11. Nf3 Bg4 12. 0-0 e6 13. axb4 axb4 14. e5 Bxf3 15. Bxf3 Ne7 16. exd6 Qxd6 17. Bg2 0-0 18. Bf2 Nd5 19. Kh1 Rfd8 20. Rb1 b3 21. c3 Nc2 22. Ne3 Ncxe3 23. Bxe3 Nxe3 24. Qxe3 Qxd3 25. Qxc5 h5 26. Bf3 Bf6 27. Qf2 Qc4 28. Rfd1 h4 29. Qe2 Qc5 30. Kg2 Kg7 31. Rxd8 Rxd8 32. Rd1 Rh8 33. Bg4 Ra8 34. Rd2 Ra1 35. Qf2 Qc7 36. Bd1 Qb7+ 37. Qf3 Qa7 38. c4 Qa5 39. Qe3 Qa8+ 40. Qf3 Qa5 41. Qe3 Rc1 42. c5 Qxc5 43. Qxb3 Rc4 44. Bf3 Rb4 45. Qc2 Qb6 46. Qc6 Qa7 47. Bg4 Rb7 48. Bf3 Rb3 49. Re2 Qd4 50. Qe4 Qc5 51. Qc2 0-1

[Event "Rheinland Pfalz op 2nd"]
[Site "Schweich"]
[Date "2010.07.17"]
[Round "4"]
[White "Lanka, Zigurds"]
[Black "Korman, Maxim"]
[Result "1/2-1/2"]
[WhiteElo "2468"]
[BlackElo "2177"]
[PlyCount "92"]
[EventDate "2010.07.16"]
[EventType "swiss"]
[EventRounds "7"]
[EventCountry "GER"]
[SourceTitle "EXT 2012"]
[Source "ChessBase"]
[SourceDate "2011.11.24"]
[SourceVersion "1"]
[SourceVersionDate "2011.11.24"]
[SourceQuality "1"]

1. e4 e5 2. Nf3 Nf6 3. Nxe5 d6 4. Nf3 Nxe4 5. d4 d5 6. Bd3 Nc6 7. 0-0 Be7 8. h3 0-0 9. a3 Bf5 10. c4 Bf6 11. Be3 dxc4 12. Bxc4 Qd7 13. Nc3 Rfe8 14. Nd5 Be6 15. Nxf6+ Nxf6 16. Bb5 Bd5 17. Rc1 Qd6 18. Ne5 Bxg2 19. Kxg2 Qd5+ 20. Qf3 Qxb5 21. Nxc6 bxc6 22. Rxc6 Nd5 23. Rc5 Nxe3+ 24. fxe3 Qd7 25. b4 Rac8 26. Qf4 h6 27. Rf3 Re7 28. Rg3 Qe6 29. Kh2 Rd7 30. Re5 Qd6 31. Qg4 g6 32. h4 Kh7 33. Qe4 Rg8 34. h5 Kh8 35. hxg6 Rxg6 36. Rxg6 Qxg6 37. Qf3 Rd6 38. b5 a6 39. Rf5 Kg7 40. Rf4 h5 41. bxa6 Rxa6 42. e4 Rb6 43. Qf2 Kf8 44. Qa2 Rf6 45. Rxf6 Qxf6 46. Qd5 Qf2+ 1/2-1/2

[Event "Rheinland Pfalz op 2nd"]
[Site "Schweich"]
[Date "2010.07.16"]
[Round "2"]
[White "Haffner, Ernst Georg"]
[Black "Korman, Maxim"]
[Result "1/2-1/2"]
[WhiteElo "1942"]
[BlackElo "2177"]
[PlyCount "79"]
[EventDate "2010.07.16"]
[EventType "swiss"]
[EventRounds "7"]
[EventCountry "GER"]
[SourceTitle "EXT 2012"]
[Source "ChessBase"]
[SourceDate "2011.11.24"]
[SourceVersion "1"]
[SourceVersionDate "2011.11.24"]
[SourceQuality "1"]

1. e4 e6 2. Nf3 d5 3. e5 b6 4. d4 Qd7 5. Bd3 Ba6 6. 0-0 Bxd3 7. Qxd3 c5 8. c3 Ne7 9. Na3 Nbc6 10. Be3 Nf5 11. Nc2 c4 12. Qe2 Na5 13. g4 Ne7 14. Nd2 Rc8 15. f4 h5 16. g5 Rc7 17. Nf3 Nc8 18. Nh4 g6 19. Kh1 Nb7 20. Rae1 a5 21. Bc1 Rc6 22. Ne3 b5 23. Qg2 Nb6 24. a3 b4 25. axb4 axb4 26. Bd2 bxc3 27. Bxc3 Be7 28. Qf3 Kd8 29. Ra1 Rc8 30. Ra7 Ra8 31. Ba5 Nxa5 32. Rxd7+ Kxd7 33. Ra1 Nb3 34. Rxa8 Rxa8 35. f5 Nxd4 36. fxe6+ Kxe6 37. Qh3+ Kxe5 38. Nf3+ Nxf3 39. Qxf3 Bxg5 40. Nc2 1/2-1/2

[Event "Bundesliga 0910"]
[Site "Germany"]
[Date "2010.04.10"]
[Round "14.8"]
[White "Korman, Maxim"]
[Black "Richter, Christian"]
[Result "0-1"]
[WhiteElo "2177"]
[BlackElo "2412"]
[PlyCount "50"]
[EventDate "2009.10.16"]
[EventType "team-tourn"]
[EventRounds "15"]
[EventCountry "GER"]
[SourceTitle "EXT 2011"]
[Source "ChessBase"]
[SourceDate "2010.11.26"]
[SourceVersion "1"]
[SourceVersionDate "2010.11.26"]
[SourceQuality "1"]
[WhiteTeam "Trier"]
[BlackTeam "Emsdetten Turm"]
[WhiteTeamCountry "GER"]
[BlackTeamCountry "GER"]

1. d4 Nf6 2. Nf3 g6 3. Bg5 Bg7 4. Nbd2 d6 5. e4 h6 6. Bh4 g5 7. Bg3 Nh5 8. c3 Nd7 9. a4 e5 10. Nc4 Nxg3 11. hxg3 exd4 12. Nxd4 Nc5 13. Qc2 0-0 14. Ne3 Re8 15. f3 d5 16. Kf2 dxe4 17. Rd1 Qf6 18. Bb5 c6 19. Bc4 exf3 20. gxf3 Ne4+ 21. Kg2 Nxg3 22. Rhe1 Nh5 23. Nd5 Bh3+ 24. Kxh3 cxd5 25. Bb5 Re5 0-1

[Event "Werther Schloss op-A 16th"]
[Site "Werther"]
[Date "2010.03.26"]
[Round "2"]
[White "Solodovnichenko, Yuri"]
[Black "Korman, Maxim"]
[Result "1-0"]
[WhiteElo "2578"]
[BlackElo "2177"]
[PlyCount "47"]
[EventDate "2010.03.25"]
[EventType "swiss"]
[EventRounds "5"]
[EventCountry "GER"]
[SourceTitle "CBM 135 Extra"]
[Source "ChessBase"]
[SourceDate "2010.05.04"]
[SourceVersion "1"]
[SourceVersionDate "2010.05.04"]
[SourceQuality "1"]

1. g3 d5 2. Bg2 e5 3. d3 Nf6 4. Nf3 Nc6 5. 0-0 Be7 6. b3 0-0 7. Bb2 e4 8. dxe4 Nxe4 9. Qc1 Re8 10. Rd1 Bc5 11. e3 Bg4 12. Nc3 Nxc3 13. Bxc3 f6 14. Qb2 Qd7 15. b4 Bb6 16. Rd2 Rad8 17. a4 Rxe3 18. fxe3 Bxe3+ 19. Kh1 d4 20. Rd3 dxc3 21. Qb3+ Be6 22. Qxc3 Bd4 23. Nxd4 Nxd4 24. Rad1 1-0

[Event "GER-ch U18"]
[Site "Willingen"]
[Date "2009.06.06"]
[Round "9"]
[White "Korman, Maxim"]
[Black "Kelbling, Philipp"]
[Result "1-0"]
[WhiteElo "2170"]
[BlackElo "2072"]
[PlyCount "69"]
[EventDate "2009.05.30"]
[EventType "swiss"]
[EventRounds "9"]
[EventCountry "GER"]
[SourceTitle "CBM 130 Extra"]
[Source "ChessBase"]
[SourceDate "2009.07.02"]
[SourceVersion "2"]
[SourceVersionDate "2009.07.15"]
[SourceQuality "1"]

1. e4 c5 2. Nc3 a6 3. g3 b5 4. Bg2 Bb7 5. d3 e6 6. Be3 d5 7. exd5 Nf6 8. Ne4 Bxd5 9. Ne2 Nxe4 10. dxe4 Bc6 11. Qxd8+ Kxd8 12. Nf4 Nd7 13. 0-0-0 Kc7 14. Rd2 Be7 15. Nd5+ Kd8 16. Rhd1 Ra7 17. Nb4 Ba8 18. Nxa6 Kc8 19. Kb1 Bc6 20. Nb4 Ba8 21. Na6 Bc6 22. Nb4 Ba8 23. Nd3 Rc7 24. Bf4 Ra7 25. Ne5 Nxe5 26. Bxe5 f6 27. Bd6 Rd8 28. Bh3 Bxd6 29. Rxd6 Rxd6 30. Rxd6 Re7 31. Rxe6 Rxe6 32. Bxe6+ Kc7 33. Bd5 Bxd5 34. exd5 Kd6 35. c4 1-0

[Event "GER-ch U18"]
[Site "Willingen"]
[Date "2009.06.02"]
[Round "5"]
[White "Korman, Maxim"]
[Black "Tkachuk, Konstantyn"]
[Result "1-0"]
[WhiteElo "2170"]
[BlackElo "2214"]
[PlyCount "81"]
[EventDate "2009.05.30"]
[EventType "swiss"]
[EventRounds "9"]
[EventCountry "GER"]
[SourceTitle "CBM 130 Extra"]
[Source "ChessBase"]
[SourceDate "2009.07.02"]
[SourceVersion "2"]
[SourceVersionDate "2009.07.15"]
[SourceQuality "1"]

1. d4 Nf6 2. Nf3 g6 3. Nc3 d5 4. Bf4 c6 5. e3 Bg7 6. Be2 0-0 7. Ne5 Nfd7 8. Nf3 Nf6 9. h4 Nbd7 10. Ne5 Nxe5 11. Bxe5 Ne4 12. Bxg7 Nxc3 13. Qd3 Kxg7 14. Qxc3 Qd6 15. 0-0-0 h6 16. g4 b5 17. f4 b4 18. Qd2 a5 19. h5 Rh8 20. hxg6 fxg6 21. Rh4 a4 22. Rdh1 Bd7 23. Bd3 c5 24. Qh2 g5 25. dxc5 Qf6 26. fxg5 Qxg5 27. Rh5 Qxe3+ 28. Kb1 b3 29. Re5 bxa2+ 30. Kxa2 Qxc5 31. Qh5 Be8 32. Rg5+ Kf6 33. Rg6+ Bxg6 34. Qxg6+ Ke5 35. Rh5+ Kf4 36. Qf5+ Kg3 37. g5 hxg5 38. Rxg5+ Kh2 39. Qf4+ Kh1 40. Qf1+ Kh2 41. Qg2# 1-0

[Event "Kaupthing op-A 1st"]
[Site "Differdange"]
[Date "2007.07.11"]
[Round "6"]
[White "Holm Pedersen, Sejer"]
[Black "Korman, Maxim"]
[Result "0-1"]
[WhiteElo "2262"]
[BlackElo "2061"]
[PlyCount "72"]
[EventDate "2007.07.07"]
[EventType "swiss"]
[EventRounds "9"]
[EventCountry "LUX"]
[SourceTitle "CBM 119 Extra"]
[Source "ChessBase"]
[SourceDate "2007.09.04"]
[SourceVersion "1"]
[SourceVersionDate "2007.09.04"]
[SourceQuality "1"]

1. d4 Nf6 2. c4 c5 3. d5 b5 4. cxb5 a6 5. b6 Bb7 6. Nc3 e6 7. e4 exd5 8. exd5 d6 9. a4 a5 10. Bb5+ Nbd7 11. Bg5 Be7 12. Bxf6 Bxf6 13. Nge2 0-0 14. Bxd7 Qxd7 15. 0-0 Ra6 16. Ne4 Bxb2 17. Rb1 Ba3 18. Qd3 Bb4 19. Ng5 g6 20. Ng3 Rxb6 21. f4 Ba6 22. Qf3 Bxf1 23. Rxf1 h6 24. f5 hxg5 25. fxg6 f5 26. Qh5 Bd2 27. h4 Be3+ 28. Kh1 Bf4 29. Ne2 Qg7 30. hxg5 Be5 31. Nf4 Bxf4 32. Rxf4 Qh8 33. Qxh8+ Kxh8 34. g4 Rb4 35. Rxf5 Rxf5 36. gxf5 Kg7 0-1

[Event "Kaupthing op-A 1st"]
[Site "Differdange"]
[Date "2007.07.09"]
[Round "4"]
[White "Korman, Maxim"]
[Black "Bakalarz, Mietek"]
[Result "1-0"]
[WhiteElo "2061"]
[BlackElo "2355"]
[PlyCount "73"]
[EventDate "2007.07.07"]
[EventType "swiss"]
[EventRounds "9"]
[EventCountry "LUX"]
[SourceTitle "CBM 119 Extra"]
[Source "ChessBase"]
[SourceDate "2007.09.04"]
[SourceVersion "1"]
[SourceVersionDate "2007.09.04"]
[SourceQuality "1"]

1. e4 c5 2. Nc3 e6 3. g3 d5 4. exd5 exd5 5. Bg2 Nf6 6. d3 d4 7. Ne4 Nxe4 8. dxe4 Nc6 9. Ne2 g6 10. 0-0 Bg7 11. a3 0-0 12. Bf4 h6 13. h4 Be6 14. Qd2 Kh7 15. Rae1 Qd7 16. Kh2 Rad8 17. Rh1 c4 18. Ng1 c3 19. bxc3 dxc3 20. Qc1 Nd4 21. Nf3 Qa4 22. Nxd4 Rxd4 23. h5 g5 24. Be3 Rd7 25. Rd1 Rfd8 26. Rxd7 Rxd7 27. Bf1 Bg4 28. Bd3 Bf3 29. Re1 Bxh5 30. f4 gxf4 31. gxf4 Bf3 32. Qb1 Qxa3 33. Kg3 Bh5 34. Rh1 Qb2 35. Qf1 Rxd3 36. Qxd3 Bg6 37. f5 1-0

[Event "Kaupthing op-A 1st"]
[Site "Differdange"]
[Date "2007.07.07"]
[Round "1"]
[White "Ajrapetjan, Yuriy"]
[Black "Korman, Maxim"]
[Result "1/2-1/2"]
[WhiteElo "2387"]
[BlackElo "2061"]
[PlyCount "208"]
[EventDate "2007.07.07"]
[EventType "swiss"]
[EventRounds "9"]
[EventCountry "LUX"]
[SourceTitle "CBM 119 Extra"]
[Source "ChessBase"]
[SourceDate "2007.09.04"]
[SourceVersion "1"]
[SourceVersionDate "2007.09.04"]
[SourceQuality "1"]

1. d4 Nf6 2. c4 c5 3. dxc5 Qa5+ 4. Nc3 Qxc5 5. e4 d6 6. Be3 Qa5 7. f3 g6 8. Qd2 Bg7 9. Nb5 Qxd2+ 10. Kxd2 Na6 11. Bxa7 0-0 12. Ne2 Bh6+ 13. Be3 Bxe3+ 14. Kxe3 Nb4 15. Kd2 Rxa2 16. Rxa2 Nxa2 17. Nf4 Nb4 18. Be2 Bd7 19. Ra1 Na6 20. Nd5 Nxd5 21. cxd5 Ra8 22. Nd4 Kf8 23. Bxa6 Ke8 24. Ra3 bxa6 25. b4 Kd8 26. f4 Kc7 27. e5 Kb6 28. e6 Be8 29. g4 Rc8 30. Rh3 Rc4 31. Kd3 Rxb4 32. Rxh7 Kc5 33. Nf3 fxe6 34. dxe6 Kd5 35. Rxe7 Bb5+ 36. Ke3 Re4+ 37. Kf2 Rxe6 38. Rg7 Bd3 39. Ng5 Re2+ 40. Kg3 Re3+ 41. Kh4 Re2 42. h3 a5 43. Ra7 Ra2 44. Kg3 a4 45. f5 gxf5 46. gxf5 a3 47. f6 Bg6 48. f7 Bxf7 49. Nxf7 Ra1 50. h4 a2 51. Kg2 Ke6 52. h5 Kf6 53. Nxd6 Kg5 54. Ra5+ Kh6 55. Nf7+ Kg7 56. Ra7 Rb1 57. Ne5+ Kh6 58. Rxa2 Kxh5 59. Kg3 Kg5 60. Nf3+ Kf5 61. Ra5+ Ke6 62. Kf4 Rb4+ 63. Ke3 Rb3+ 64. Ke4 Rb4+ 65. Nd4+ Kf6 66. Rd5 Ra4 67. Kf4 Rc4 68. Ke4 Ra4 69. Rc5 Kg6 70. Ke5 Ra1 71. Nf3 Ra3 72. Rc6+ Kh5 73. Nd2 Ra5+ 74. Kf4 Ra4+ 75. Ne4 Rb4 76. Ra6 Rd4 77. Ke5 Rd1 78. Rc6 Rb1 79. Kf4 Rf1+ 80. Ke3 Rb1 81. Kf3 Rb4 82. Kg2 Rb1 83. Nf2 Kg5 84. Nd3 Kf5 85. Kf3 Rf1+ 86. Ke3 Rh1 87. Rc5+ Ke6 88. Ke4 Rh4+ 89. Nf4+ Kd6 90. Rg5 Kc6 91. Rf5 Rh1 92. Rf6+ Kb5 93. Kd4 Rh4 94. Kd5 Rh1 95. Ne2 Rh5+ 96. Kd4 Rh4+ 97. Nf4 Rh1 98. Nd3 Rh4+ 99. Kd5 Rh5+ 100. Ne5 Rh1 101. Rf3 Rd1+ 102. Nd3 Rh1 103. Rf8 Rh5+ 104. Ne5 Kb4 1/2-1/2

[Event "BL2-Sued 0607"]
[Site "Germany"]
[Date "2007.02.25"]
[Round "6.8"]
[White "Korman, Maxim"]
[Black "Frei, Markus"]
[Result "1/2-1/2"]
[WhiteElo "2045"]
[BlackElo "1975"]
[PlyCount "85"]
[EventDate "2006.10.15"]
[EventType "team-tourn"]
[EventRounds "9"]
[EventCountry "GER"]
[SourceTitle "EXT 2008"]
[Source "ChessBase"]
[SourceDate "2007.11.25"]
[SourceVersion "1"]
[SourceVersionDate "2007.11.25"]
[SourceQuality "1"]
[WhiteTeam "Trier"]
[BlackTeam "Moerlenbach"]
[WhiteTeamCountry "GER"]
[BlackTeamCountry "GER"]

1. Nf3 Nf6 2. b3 e6 3. Bb2 d5 4. e3 Be7 5. c4 0-0 6. Be2 c5 7. 0-0 Nc6 8. d3 a6 9. Nbd2 b5 10. Ne5 Nxe5 11. Bxe5 Bb7 12. Qc2 Nd7 13. Bc3 Bf6 14. a4 b4 15. Bb2 Rc8 16. Rfd1 Qe7 17. Rac1 Rfd8 18. Qb1 a5 19. Qa1 Bxb2 20. Qxb2 Nb6 21. Nf3 d4 22. e4 Bc6 23. Re1 f6 24. Qd2 Ra8 25. Bd1 Qd7 26. e5 f5 27. h4 Qf7 28. Ng5 Qe7 29. Bf3 Bxf3 30. Nxf3 h6 31. Qf4 Qf7 32. Ra1 Kh7 33. g3 Qh5 34. Kg2 Rf8 35. Rh1 Qg4 36. h5 Qxf4 37. gxf4 Nc8 38. Nh4 Ne7 39. Kf3 Rg8 40. Rag1 g6 41. hxg6+ Nxg6 42. Nxg6 Rxg6 43. Rxg6 1/2-1/2

[Event "Saarbruecken-chT U20"]
[Site "Saarbruecken"]
[Date "2006.11.24"]
[Round "6.3"]
[White "Korman, Maxim"]
[Black "Coenen, Michael"]
[Result "1/2-1/2"]
[WhiteElo "2045"]
[BlackElo "2122"]
[PlyCount "93"]
[EventDate "2006.11.??"]
[EventType "team"]
[EventRounds "7"]
[EventCountry "GER"]
[SourceTitle "EXT 2008"]
[Source "ChessBase"]
[SourceDate "2007.11.25"]
[SourceVersion "1"]
[SourceVersionDate "2007.11.25"]
[SourceQuality "1"]

1. e4 c5 2. Nc3 Nc6 3. g3 g6 4. Bg2 Bg7 5. d3 e5 6. Be3 d6 7. Qd2 Nd4 8. Nd1 Ne7 9. c3 Ne6 10. Bh6 0-0 11. Bxg7 Kxg7 12. Ne2 d5 13. exd5 Nxd5 14. Ne3 Ne7 15. h4 f5 16. Nc4 Qc7 17. Qe3 Kf6 18. f4 exf4 19. gxf4 Rb8 20. Qe5+ Qxe5 21. fxe5+ Kg7 22. Nd6 Bd7 23. 0-0-0 f4 24. Rhf1 Bc6 25. Bxc6 Nxc6 26. d4 f3 27. Ng1 cxd4 28. Nxf3 dxc3 29. bxc3 Rbd8 30. Nd4 Nexd4 31. cxd4 Rxf1 32. Rxf1 Nxd4 33. Rf7+ Kg8 34. Rxb7 Nf3 35. Nf7 Rc8+ 36. Kb2 Nxh4 37. Nh6+ Kf8 38. Rxh7 Rc4 39. Rf7+ Ke8 40. Rxa7 Re4 41. Nf7 Re2+ 42. Kc3 Nf3 43. Nd6+ Kd8 44. Nf7+ Ke8 45. Nd6+ Kd8 46. Nf7+ Ke8 47. Nd6+ 1/2-1/2

[Event "GER-ch U14"]
[Site "Willingen"]
[Date "2005.05.19"]
[Round "7"]
[White "Korman, Maxim"]
[Black "Savchenko, Aleksij"]
[Result "1/2-1/2"]
[WhiteElo "1999"]
[BlackElo "2026"]
[PlyCount "82"]
[EventDate "2005.05.14"]
[EventType "swiss"]
[EventRounds "9"]
[EventCountry "GER"]
[SourceTitle "CBM 106 Extra"]
[Source "ChessBase"]
[SourceDate "2005.07.01"]
[SourceVersion "1"]
[SourceVersionDate "2005.07.01"]
[SourceQuality "1"]

1. e4 c5 2. b3 Nc6 3. Bb2 e5 4. Nc3 d6 5. Bb5 Nge7 6. Nge2 g6 7. 0-0 Bg7 8. Nd5 0-0 9. Bxc6 Nxc6 10. f4 f5 11. d3 fxe4 12. dxe4 Bg4 13. h3 Be6 14. g4 exf4 15. Bxg7 Kxg7 16. Nexf4 Bg8 17. Qd2 Ne5 18. Kg2 Rc8 19. c4 a6 20. Nc3 h6 21. Nd3 Nc6 22. Rxf8 Qxf8 23. Rf1 Qe7 24. Qf4 Re8 25. Qg3 Nd4 26. Nf4 b5 27. Nfd5 Bxd5 28. exd5 b4 29. Nd1 Qe4+ 30. Kh2 Qe2+ 31. Qf2 Qxf2+ 32. Rxf2 Re2 33. Kg2 Rxf2+ 34. Kxf2 Kf6 35. Nb2 Kg5 36. Nd3 Nc2 37. Kf3 Na3 38. h4+ Kf6 39. Nf2 Nb1 40. Ne4+ Ke5 41. Ke3 Nc3 1/2-1/2

[Event "GER-ch U14"]
[Site "Willingen"]
[Date "2005.05.15"]
[Round "1"]
[White "Jacobi, Robin"]
[Black "Korman, Maxim"]
[Result "0-1"]
[WhiteElo "1622"]
[BlackElo "1999"]
[PlyCount "54"]
[EventDate "2005.05.14"]
[EventType "swiss"]
[EventRounds "9"]
[EventCountry "GER"]
[SourceTitle "CBM 106 Extra"]
[Source "ChessBase"]
[SourceDate "2005.07.01"]
[SourceVersion "1"]
[SourceVersionDate "2005.07.01"]
[SourceQuality "1"]

1. b4 e5 2. Bb2 d6 3. c4 Be6 4. e3 Nf6 5. Nf3 Be7 6. Be2 0-0 7. 0-0 Nbd7 8. d4 e4 9. Nfd2 c6 10. Nc3 d5 11. c5 Ne8 12. a4 f5 13. b5 Bg5 14. g3 Bh6 15. a5 a6 16. bxc6 bxc6 17. Na4 Qf6 18. Nb6 Ra7 19. Rb1 f4 20. Qb3 Bh3 21. Nxe4 Qe6 22. Nxd7 Rxd7 23. Rfe1 fxe3 24. f3 dxe4 25. Bc4 Rd5 26. Bxd5 cxd5 27. Qb6 exf3 0-1

[Event "GER-ch U12"]
[Site "Willingen"]
[Date "2004.06.02"]
[Round "8"]
[White "Strunski, Andreas"]
[Black "Korman, Maxim"]
[Result "1-0"]
[WhiteElo "1942"]
[BlackElo "1719"]
[PlyCount "140"]
[EventDate "2004.06.??"]
[EventType "swiss"]
[EventRounds "11"]
[EventCountry "GER"]
[SourceTitle "EXT 2005"]
[Source "ChessBase"]
[SourceDate "2004.11.15"]
[SourceVersion "1"]
[SourceVersionDate "2004.11.15"]
[SourceQuality "1"]

1. d4 d5 2. c4 e6 3. Nc3 Be7 4. cxd5 exd5 5. Bf4 c6 6. Qc2 Nf6 7. e3 0-0 8. Bd3 Nbd7 9. Nge2 Re8 10. f3 Nf8 11. Bg3 Ng6 12. 0-0 a6 13. e4 Be6 14. e5 Nd7 15. f4 Bg4 16. f5 Ngf8 17. Nf4 g5 18. fxg6 fxg6 19. Nxg6 Qb6 20. Nxe7+ Rxe7 21. Bf2 Rg7 22. Kh1 Ne6 23. Qd2 Rf8 24. Be3 Rgf7 25. Rxf7 Rxf7 26. Be2 Bxe2 27. Qxe2 Ndf8 28. Rd1 Qd8 29. Rf1 Rxf1+ 30. Qxf1 Qh4 31. Qf2 Qxf2 32. Bxf2 Nf4 33. Be3 N8e6 34. Bxf4 Nxf4 35. g3 Nd3 36. b3 Nb4 37. Kg2 Nc2 38. Ne2 Nb4 39. a4 Kf7 40. Kf3 c5 41. Ke3 Nc6 42. Kd3 cxd4 43. Nf4 Nxe5+ 44. Kxd4 Nf3+ 45. Kxd5 Nxh2 46. Kc5 Nf1 47. Ne2 Nd2 48. b4 Nb3+ 49. Kb6 a5 50. b5 Ke6 51. Kxb7 Nc5+ 52. Kb6 Nxa4+ 53. Kxa5 Nc5 54. b6 Kf5 55. Kb5 Nb7 56. Kc6 Nd8+ 57. Kd7 Nb7 58. Kc7 Nc5 59. Kc6 Na6 60. b7 Kg4 61. Kb6 Nb8 62. Ka7 Nc6+ 63. Ka8 h5 64. Nd4 Nxd4 65. b8Q Ne2 66. Qg8+ Kf3 67. Qb3+ Kg4 68. Qc4+ Kf3 69. Qd3+ Kf2 70. Qf5+ Kxg3 1-0

[Event "GER-ch U12"]
[Site "Willingen"]
[Date "2004.05.31"]
[Round "5"]
[White "Korman, Maxim"]
[Black "Mazarov, Juergen"]
[Result "0-1"]
[WhiteElo "1719"]
[BlackElo "1743"]
[PlyCount "112"]
[EventDate "2004.06.??"]
[EventType "swiss"]
[EventRounds "11"]
[EventCountry "GER"]
[SourceTitle "EXT 2005"]
[Source "ChessBase"]
[SourceDate "2004.11.15"]
[SourceVersion "1"]
[SourceVersionDate "2004.11.15"]
[SourceQuality "1"]

1. e4 e5 2. Bc4 Nf6 3. d3 Bc5 4. Nf3 d6 5. 0-0 0-0 6. c3 Bg4 7. Bg5 Nbd7 8. Nbd2 c6 9. Qc2 Qc7 10. d4 Bb6 11. Bd3 h6 12. Bh4 Rfe8 13. Rfe1 Bh5 14. Bg3 Rad8 15. h3 Bg6 16. Rad1 a6 17. Nc4 Bh5 18. Nxb6 Qxb6 19. Be2 exd4 20. Nxd4 Bxe2 21. Rxe2 d5 22. e5 Ne4 23. Rde1 Nxg3 24. fxg3 Nc5 25. Kh2 Ne4 26. Nf3 Re6 27. Nd2 Nxd2 28. Rxd2 Rde8 29. Qf5 Qc7 30. Rf2 Rxe5 31. Rxe5 Rxe5 32. Qf3 Re6 33. Re2 Rxe2 34. Qxe2 Kf8 35. Qd3 Kg8 36. Qe3 Qd8 37. Qa7 Qc7 38. Qe3 c5 39. Qe8+ Kh7 40. Qe3 Qd6 41. Qd3+ g6 42. Qf3 Kg7 43. c4 d4 44. Qd3 h5 45. Kg1 Qe5 46. a3 Qe1+ 47. Kh2 Qe3 48. Qc2 d3 49. Qc3+ Kg8 50. Qb3 Qe2 51. Qxb7 d2 52. Qxa6 d1Q 53. Qc8+ Kg7 54. Qxc5 Qee1 55. g4 hxg4 56. hxg4 Qh4# 0-1

[Event "GER-ch U12"]
[Site "Willingen"]
[Date "2004.05.30"]
[Round "1"]
[White "Korman, Maxim"]
[Black "Kohm, Vanessa"]
[Result "1-0"]
[WhiteElo "1719"]
[BlackElo "1315"]
[PlyCount "61"]
[EventDate "2004.06.??"]
[EventType "swiss"]
[EventRounds "11"]
[EventCountry "GER"]
[SourceTitle "EXT 2005"]
[Source "ChessBase"]
[SourceDate "2004.11.15"]
[SourceVersion "1"]
[SourceVersionDate "2004.11.15"]
[SourceQuality "1"]

1. e4 e5 2. Nf3 Nf6 3. Nxe5 d6 4. Nf3 Nxe4 5. d4 d5 6. Bd3 Bf5 7. 0-0 Bd6 8. Re1 0-0 9. c4 c6 10. Nc3 Nxc3 11. bxc3 Bxd3 12. Qxd3 Nd7 13. Bg5 f6 14. Bd2 Re8 15. Rxe8+ Qxe8 16. Re1 Qf7 17. c5 Bc7 18. Qe2 Kf8 19. Qd3 Qh5 20. c4 dxc4 21. Qxc4 Qd5 22. Qxd5 cxd5 23. Bb4 Kg8 24. Re7 Rd8 25. h4 Bb8 26. h5 Bf4 27. Nh4 b6 28. c6 Nf8 29. g3 Bg5 30. Nf5 g6 31. c7 1-0

[Event "Saarlouis op 7th"]
[Site "Saarlouis"]
[Date "2004.05.23"]
[Round "7"]
[White "Korman, Maxim"]
[Black "Moeckel, Edgar"]
[Result "1/2-1/2"]
[WhiteElo "1652"]
[BlackElo "1808"]
[PlyCount "70"]
[EventDate "2004.05.19"]
[EventType "swiss"]
[EventRounds "7"]
[EventCountry "GER"]
[SourceTitle "EXT 2006"]
[Source "ChessBase"]
[SourceDate "2005.11.24"]
[SourceVersion "1"]
[SourceVersionDate "2005.11.24"]
[SourceQuality "1"]

1. e4 c6 2. d4 d5 3. Nc3 dxe4 4. Nxe4 Bf5 5. Ng3 Bg6 6. h4 h6 7. Nf3 Nd7 8. h5 Bh7 9. Bd3 Bxd3 10. Qxd3 e6 11. Bf4 Ngf6 12. 0-0-0 Be7 13. c4 Qa5 14. Kb1 0-0 15. Ne5 Rad8 16. Qe2 Rfe8 17. Rd3 Nxe5 18. dxe5 Rxd3 19. Qxd3 Rd8 20. Qe2 Ne8 21. Rd1 Kf8 22. Ne4 Rxd1+ 23. Qxd1 Qd8 24. Qxd8 Bxd8 25. Nc5 b6 26. Nd7+ Ke7 27. Nb8 c5 28. Nc6+ Kd7 29. Nxd8 Kxd8 30. Kc2 Kd7 31. Be3 Kc6 32. g4 a6 33. f4 f5 34. g5 b5 35. Kb3 Nc7 1/2-1/2

[Event "Saarlouis op 7th"]
[Site "Saarlouis"]
[Date "2004.05.20"]
[Round "3"]
[White "Korman, Maxim"]
[Black "Hoefer, Ulrich"]
[Result "1/2-1/2"]
[WhiteElo "1652"]
[BlackElo "1831"]
[PlyCount "53"]
[EventDate "2004.05.19"]
[EventType "swiss"]
[EventRounds "7"]
[EventCountry "GER"]
[SourceTitle "EXT 2006"]
[Source "ChessBase"]
[SourceDate "2005.11.24"]
[SourceVersion "1"]
[SourceVersionDate "2005.11.24"]
[SourceQuality "1"]

1. e4 c5 2. Nc3 Nc6 3. g3 g6 4. Bg2 Bg7 5. Nge2 e6 6. 0-0 Nge7 7. d3 Rb8 8. Be3 Nd4 9. Qd2 0-0 10. Nd1 b6 11. c3 Nxe2+ 12. Qxe2 Ba6 13. Qd2 d5 14. exd5 Nxd5 15. Re1 Nxe3 16. Nxe3 Qxd3 17. Qxd3 Bxd3 18. Rad1 Rfd8 19. Rd2 Bb5 20. Red1 Bf6 21. Ng4 Be7 22. Ne5 Rxd2 23. Rxd2 Rd8 24. Rxd8+ Bxd8 25. Nc6 Bxc6 26. Bxc6 e5 27. Kg2 1/2-1/2

[Event "GER-ch U12"]
[Site "Willingen"]
[Date "2003.06.11"]
[Round "7"]
[White "Korman, Maxim"]
[Black "Fischer, Benjamin"]
[Result "1/2-1/2"]
[WhiteElo "1711"]
[BlackElo "1591"]
[PlyCount "42"]
[EventDate "2003.06.08"]
[EventType "swiss"]
[EventRounds "11"]
[EventCountry "GER"]
[SourceTitle "CBM 094 Extra"]
[Source "ChessBase"]
[SourceDate "2003.07.09"]
[SourceVersion "2"]
[SourceVersionDate "2003.07.09"]
[SourceQuality "1"]

1. e4 e6 2. d4 d5 3. exd5 exd5 4. Bd3 Nc6 5. Nf3 Bd6 6. 0-0 Bg4 7. c3 Nge7 8. Bg5 f6 9. Bh4 Qd7 10. Bg3 Bxg3 11. fxg3 0-0-0 12. Nbd2 h5 13. b4 g5 14. Nb3 h4 15. Nc5 Qd6 16. gxh4 gxh4 17. Qe2 Rdg8 18. Ba6 Na5 19. bxa5 bxa6 20. Qxa6+ Qxa6 21. Nxa6 Nc6 1/2-1/2